000 00706nam a2200193 i 4500
001 42340
003 ES-MaACL
005 20230906160607.0
007 t|
008 030313s1962 sp bf |||| | spa d
100 1 _aCastillo de Lucas, Antonio.
_936735
245 1 0 _aCursillo de hidroclimatología médica /
_cAntonio Castillo de Lucas ; prólogo de Tomás Cerviá.
260 _aTenerife :
_bInstituto de Fisiología y Patología Regional,
_c1962.
300 _a155 p., 2 lám., 1 map. pleg ;
_c20 cm.
650 0 4 _aHidroterapia.
_913343
700 1 _aCerviá, Tomás (
_d1902-1962)
_937660
710 2 _aInstituto de Fisiología y Patología Regionales de Tenerife.
_94737
852 _aES-MaACL
_jC-23643
999 _c42340
_d42340